حقوق الإنسان بين الشريعة والقانون : (رقم التسجيلة. 67115)

تفاصيل مارك
000 -الفاتح
عناصر البيانات ثابتة الطول 00771cam a2200205 i 4500
005 - تاريخ ووقت آخر معاملة
حقل ضبط 20251216113052.0
008 - عناصر البيانات ثابتة الطول
عناصر البيانات ثابتة الطول 250721s2003 jo gr 000 0 ara d
082 14 - رقم تصنيف ديوي العشري
رقم التصنيف 216.914
رقم المادة ع ن ج
100 1# - مدخل رئيسي – اسم شخصي
الاسم الشخصي عنجريني، محمد
علاقة الشخص بالعمل/ دوره مؤلف.
245 10 - بيان العنوان
العنوان حقوق الإنسان بين الشريعة والقانون :
بقية العنوان نصاً ومقارنة وتطبيقاً /
بيان المسؤولية المحامي محمد عنجريني.
250 ## - بيان الطبعة
بيان الطبعة الطبعة الأولى.
264 31 - بيانات النشر، التوزيع…إلخ
مكان النشر، التوزيع...إلخ عمان :
اسم الناشر، الموزع...إلخ دار الشهاب للنشر و التوزيع،
تاريخ النشر، التوزيع...إلخ 2003.
300 ## - الوصف المادي
عدد الوحدات المكونة للوعاء 240 صفحة.
650 17 - مدخل إضافي بالموضوع - مصطلح موضوعي
مصطلح موضوعي أو اسم جغرافي كعنصر مدخل الشريعة الإسلامية.
650 17 - مدخل إضافي بالموضوع - مصطلح موضوعي
مصطلح موضوعي أو اسم جغرافي كعنصر مدخل القضاة.
650 17 - مدخل إضافي بالموضوع - مصطلح موضوعي
مصطلح موضوعي أو اسم جغرافي كعنصر مدخل حقوق الإنسان.
650 17 - مدخل إضافي بالموضوع - مصطلح موضوعي
مصطلح موضوعي أو اسم جغرافي كعنصر مدخل الحقوق.
942 ## - بيانات إضافية (كوها)
نوع التنصيف Dewey Decimal Classification
نوع المادة (كوها) كتب
المقتنيات
حالة السحب حالة الفقدان مصدر التصنيف حالة التلف غير قابل للإعارة المكتبة الرئيسية المكتبة الحالية موقع الرف تاريخ التزويد الرقم المتسلسل Total Checkouts رقم الإستدعاء الباركود تاريخ آخر ظهور تاريخ الفاتورة نوع المادة (كوها)
    Dewey Decimal Classification     المكتبة المركزية المكتبة المركزية الإعارة 06/07/2004 549612   216.914 / ع ن ج 549612 28/07/2025 06/07/2004 كتب
    Dewey Decimal Classification     مكتبة أبو علندا العامة مكتبة أبو علندا العامة الإعارة 01/11/2008 549628   216.914/عنج PLD00047974 28/07/2025 01/11/2008 كتب
    Dewey Decimal Classification     مكتبة أم قصير والمقابلين العامة مكتبة أم قصير والمقابلين العامة الإعارة 28/07/2025 549627   216.914/عنج 549627 28/07/2025 28/07/2025 كتب
    Dewey Decimal Classification     مكتبة الأميرة ايمان العامة مكتبة الأميرة ايمان العامة الإعارة 28/07/2025 549619   216.914/عنج 549619 28/07/2025 28/07/2025 كتب
    Dewey Decimal Classification Unchecked   مكتبة الاميرة بديعة مكتبة الاميرة بديعة الإعارة 28/07/2025 549622   216.914/عنج   28/07/2025 28/07/2025 كتب
    Dewey Decimal Classification     مكتبة البراعم الواعدة مكتبة البراعم الواعدة الإعارة 25/10/2015 1474757   216.914/عنج PLD00359419 28/07/2025 25/10/2015 كتب
    Dewey Decimal Classification     مكتبة الجويدة مكتبة الجويدة الإعارة 28/07/2025 549623   216.914/عنج 549623 28/07/2025 28/07/2025 كتب
    Dewey Decimal Classification     مكتبة الحسن العامة مكتبة الحسن العامة الإعارة 28/07/2025 549624   216.914/عنج 549624 28/07/2025 28/07/2025 كتب
    Dewey Decimal Classification     مكتبة النصر العامة مكتبة النصر العامة الإعارة 17/07/2008 549630   216.914/عنج PLD00029116 28/07/2025 17/07/2008 كتب
    Dewey Decimal Classification     مكتبة صويلح العامة مكتبة صويلح العامة الإعارة 06/07/2004 549620   216.914/عنج 549620 28/07/2025 06/07/2004 كتب
Implemented & Customized by: BBB with SCIT (Smart Chains for Information Technology)

Powered by Koha